000 00959nam0a22002411 4500
001 rc\438428
005 20250621084454.0
035 _a(NLR Aleph) 005684756
090 _a7112312
_c7112312
100 _a20030616d1988 |||y0rusy50 ca
101 0 _arus
102 _aRU
105 _aa |||||||||
200 1 _aСкважинные электронасосные агрегаты малой мощности для сельскохозяйственного водоснабжения
_eДис. на соиск. учен. степ. канд. техн. наук в форме науч. докл.
_e(05.09.03)
_fУкр. с.-х. акад.
210 _aКиев
_cБ. и.
_d1988
215 _a19 с.
_cграф.
320 _aБиблиогр.: с. 18-19 (11 назв.)
700 1 _aЛисовой
_bС.С.
_gСтанислав Семенович
801 0 _aRU
_bNLR
_gpsbo
801 1 _aRU
_bELAR
_2rusmarc
852 _aNLR
_jА88/15457
942 _cBOOK
980 _aNB